|
|
|
|
| LEADER |
00000nab a2200000 a 4500 |
| 001 |
vtls010713013 |
| 003 |
SK-MaSNL |
| 005 |
20260304185515.0 |
| 008 |
250709s2006 xo |||||||||||||||||slo| |
| 035 |
|
|
|a (urnnbn)urn:nbn:sk:snk:ar-a0494y
|
| 035 |
|
|
|a (uuid)ce5e9a2b-2060-434d-98bf-4beaafd492f1
|
| 035 |
|
|
|a urn:nbn:sk:snk-ab3ft2
|
| 040 |
|
|
|a SNKBUCL
|b slo
|c SNKBUCL
|e AACR2
|
| 041 |
0 |
|
|a eng
|
| 044 |
|
|
|a xo
|c SK
|
| 100 |
1 |
|
|a Blažíček, Pavel,
|d 1942-
|4 aut
|9 178661
|
| 245 |
1 |
0 |
|a HOMOCYSTEINE CONCENTRATIONS IN RELATION TO NUTRITION
|c Pavel Blažíček, Marica Kudláčková
|
| 700 |
1 |
|
|a Krajčovičová-Kudláčková, Marica
|4 aut
|9 9476
|
| 773 |
0 |
|
|t Laboratórna diagnostika : časopis pre pracovníkov diagnostických laboratórií
|g Roč. 11, č. 1-2 (2006), s. 63
|
| 850 |
|
|
|a Slovenská národná knižnica
|
| 852 |
|
|
|a Slovenská národná knižnica
|
| 954 |
|
|
|a odborná, vedecká literatúra pôvodná (slovenská)
|2 lita
|
| 958 |
|
|
|a article1
|
| 958 |
|
|
|a OND
|
| 958 |
|
|
|a EUIPO
|
| 999 |
|
|
|c 3043894
|d 3045824
|